The Quiet Revolution: (Record no. 4253)
[ view plain ]
| 000 -LEADER | |
|---|---|
| fixed length control field | 02366nam a22002057a 4500 |
| 003 - CONTROL NUMBER IDENTIFIER | |
| control field | GBCCL |
| 005 - DATE AND TIME OF LATEST TRANSACTION | |
| control field | 20241126110514.0 |
| 008 - FIXED-LENGTH DATA ELEMENTS--GENERAL INFORMATION | |
| fixed length control field | 180117b xxu||||| |||| 00| 0 eng d |
| 020 ## - INTERNATIONAL STANDARD BOOK NUMBER | |
| International Standard Book Number | 0802803156 |
| 040 ## - CATALOGING SOURCE | |
| Transcribing agency | gbc |
| 082 ## - DEWEY DECIMAL CLASSIFICATION NUMBER | |
| Classification number | 261.8 |
| Item number | QUI |
| 245 ## - TITLE STATEMENT | |
| Title | The Quiet Revolution: |
| Remainder of title | The story of a living faith around the world / |
| Statement of responsibility, etc. | organizing editor, Robin Keeley ; consulting editors, Robert Banks [and others]. |
| 260 ## - PUBLICATION, DISTRIBUTION, ETC. | |
| Name of publisher, distributor, etc. | WM. B. Eerdmans Publishing Co., |
| Place of publication, distribution, etc. | Michigan: |
| Date of publication, distribution, etc. | 1989 |
| 300 ## - PHYSICAL DESCRIPTION | |
| Extent | 384 p.; |
| Other physical details | ill., |
| Dimensions | 23 cm. |
| 500 ## - GENERAL NOTE | |
| General note | Includes indexes.<br/>"First published 1985 under the title Christianity: a world faith by Lion Publishing."--Title page verso.<br/>"First American edition published 1985 under the title Christianity in today's world by Wm. B. Eerdmans. . . ."--Title page verso. |
| 505 ## - FORMATTED CONTENTS NOTE | |
| Formatted contents note | P.1.1. Contemporary scene: The global village. The secular outlook of today. Images of crisis and chaos --<br/>p.1.2. Who are today's Christians?: Roman Catholics since the Council. The Orthodox families. Who are the Lutherans today? Reformed churches round the world. Make disciples, baptizing them. 'My parish is the world.' Children of the twentieth century. The Anglican communion. Churches together --<br/>p.1.3. Christians on the move: Tomorrow's church today. Renewal in the Holy Spirit. Evangelicals at a crossroads. All things in common. Focus on worship. The unity movement. P.2.1. Which way for a continent?: Christians in Africa --<br/>p.2.2. Cradle of faiths: Christians in Asia --<br/>p.2.3. A world of our own: Australia and the South Pacific --<br/>p.2.4. The decline of faith?: Christians in Europe --<br/>p.2.5. Good news for the poor: Christians in Latin America --<br/>p.2.6. New-world faith: Christians in North America. P.3.1. Thinking through the faith: The gospel in today's world. Theology today. Are Christians and scientists friends again? Hope in a despairing world. Does the Bible speak today? --<br/>p.3.2. Proclaiming the faith: The missionary inheritance. Telling the world. Defending the faith today --<br/>p.3.3. Applying the faith: Stewards of creation. Bread for the world. War and peace in the twentieth century. The changing sexual scene. Issues of life and death. Racism, justice and civil rights. Spirituality today. Word and deed. |
| 650 ## - SUBJECT ADDED ENTRY--TOPICAL TERM | |
| Topical term or geographic name entry element | Christianity -- 20th century -- Handbooks, manuals, etc. |
| 9 (RLIN) | 10433 |
| 650 ## - SUBJECT ADDED ENTRY--TOPICAL TERM | |
| Topical term or geographic name entry element | Christianity. |
| 9 (RLIN) | 479 |
| 942 ## - ADDED ENTRY ELEMENTS (KOHA) | |
| Source of classification or shelving scheme | Dewey Decimal Classification |
| Koha item type | Books |
| Koha issues (borrowed), all copies | 1 |
| Withdrawn status | Lost status | Source of classification or shelving scheme | Damaged status | Not for loan | Home library | Current Library | Shelving location | Date acquired | Total checkouts | Full call number | Barcode | Date last seen | Date last checked out | Copy number | Price effective from | Koha item type |
|---|---|---|---|---|---|---|---|---|---|---|---|---|---|---|---|---|
| Dewey Decimal Classification | GRACE BIBLE COLLEGE | GRACE BIBLE COLLEGE | Ministry & Mission | 2018-01-17 | 2 | 261.8 QUI | 009554 | 2025-09-29 | 2025-09-23 | c.1 | 2018-01-17 | Books |